Administrative law in East Africa

Salvato in:
Dettagli Bibliografici
Autore principale: Oluyede, P.A
Natura: Libro
Pubblicazione: Nairobi : Kenya Literature Bureau.; c 1973.
Soggetti:
Tags: Aggiungi Tag
Nessun Tag, puoi essere il primo ad aggiungerne!!

MARC

LEADER 00000cam a2200000 a 4500
005 20260611091438.0
020 |a NA  |c TZS.20,000 /= 
040 |a MCCL  |b eng.  |e AACR2nd rev.ed. 
082 0 0 |a 342.060967 OLU 
100 |a Oluyede, P.A 
245 0 0 |a Administrative law in East Africa  |c /P.A. Oluyede 
260 |a Nairobi :  |b Kenya Literature Bureau.;  |c c 1973. 
300 |a xxi,255 p. :  |c 19 cm. 
504 |a Include index. 
650 0 |a Rights and remedies 
650 0 |a Administrative law 
650 0 |a Separation of powers 
942 |c BK 
999 |c 12757  |d 12757